zpět

Detail výsledku týmu

Pěkná brynda ST, Beroun

Datum a čas kvízu

24 Celkem bodů Celkový počet nahraných bodů na tomto kvízu bez doplňovacích otázek.
5. Pořadí na kvízu Konečné umístění týmu na tomto kvízu.

Zaznamenané odpovědi

# Otázka Odpověď Body Výsledky
1. Jak se nazývá zámek nedaleko P... Štiřín 0
2. Do jedné vesnické školy zapsal... ve Francii 1
3. Jeden z 28 evropských koncertů... Thirty Seconds to Mars (30 Seconds to Mars) 1
4. V ženevské pobočce aukční síně... Michael Schumacher 1
5. V sobotu se v Rijádu konal dlo... Tyson Fury, Oleksandr Usyk 0.5
6. Jména Mnata, Vojen či Vnislav... A 0
7. K Janu Žižkovi se váže jistá p... C 1
8. Před kněžnou Libuší stanuli dv... A 0
9. O hřbitovním kostele sv. Maří... Svatební košile 1
10. Pokud dokážete určit, co tento... Stadice 0